Rajata jayantī-saṃsmaraṇagrantha. (Record no. 83532)

MARC details
000 -LEADER
fixed length control field 00869cam a22002411 4500
001 - CONTROL NUMBER
control field sa 68010773
003 - CONTROL NUMBER IDENTIFIER
control field DLC
005 - DATE AND TIME OF LATEST TRANSACTION
control field 20260227112555.0
008 - FIXED-LENGTH DATA ELEMENTS--GENERAL INFORMATION
fixed length control field 891115s1963 ii ac 000 0 hino
010 ## - LIBRARY OF CONGRESS CONTROL NUMBER
LC control number sa 68010773
035 ## - SYSTEM CONTROL NUMBER
System control number (OCoLC)20653183
040 ## - CATALOGING SOURCE
Original cataloging agency DLC
Transcribing agency NRU
Modifying agency DLC
042 ## - AUTHENTICATION CODE
Authentication code premarc
050 00 - LIBRARY OF CONGRESS CALL NUMBER
Classification number PK1931
Item number .D24
110 2# - MAIN ENTRY--CORPORATE NAME
Corporate name or jurisdiction name as entry element Dakshiṇa Bhārata Hindī Pracāra Sabhā, Āndhra.
245 10 - TITLE STATEMENT
Title Rajata jayantī-saṃsmaraṇagrantha.
Statement of responsibility, etc. Saṃpādaka Śrīnivāsa Ayyaṅgāra [tathā anya].
260 ## - PUBLICATION, DISTRIBUTION, ETC.
Place of publication, distribution, etc. Haiderābāda,
Name of publisher, distributor, etc. Rajata Jayantī Samitī, Dakshiṇa Bhārata Hindī Pracāra Sabhā (Āndhra)
Date of publication, distribution, etc. [1963]
300 ## - PHYSICAL DESCRIPTION
Extent 1 v. (various pagings)
Other physical details illus., ports.
Dimensions 24 cm.
500 ## - GENERAL NOTE
General note On cover: Rajata jayantī mahotsava, 1963.
500 ## - GENERAL NOTE
General note In Hindi; some messages in English.
650 #0 - SUBJECT ADDED ENTRY--TOPICAL TERM
Topical term or geographic name entry element Hindi language.
700 2# - ADDED ENTRY--PERSONAL NAME
Personal name Srinivasa Iyengar, D.,
Relator term ed.

No items available.

Powered by Koha